000 00681nam a2200193Ii 4500
003 JO-AjNU
008 230605s9999||||xx |||||||||||||| ||und||
040 _aJO-AjNU
_bara
_erda
_cJO-AjNU
041 _aara
050 1 4 _aG103.5.S5238 1992
100 3 _aدرة، اسماعيل ابراهيم الشيخ,
_eauthor
_920207
245 0 0 _aالجغرافيا الإقتصادية والسكانية
264 3 1 _aبيروت: دار القلم، 1992
300 _a276ص
336 _atext
_btxt
_2rdacontent
337 _aunmediated
_bn
_2rdamedia
338 _avolume
_bnc
_2rdacarrier
650 4 _aالجغرافيا الاقتصادية- الجغرافيا السكانية
_920208
999 _aA6808
_c10376
_d10376